000 00266nam a2200121Ia 4500
008 230901s2013 xx 000 0 und d
041 _amar
082 _a810/BEN
100 _aDR. ANYE BENZAT
245 _aBHARTIYA YOUDACHI KATA
260 _c2013
300 _a184
999 _c870201
_d870201